| 000 | 00696nam a2200253Ia 4500 | ||
|---|---|---|---|
| 003 | OSt | ||
| 005 | 20221006143002.0 | ||
| 006 | a|||||r|||| 00| 0 | ||
| 007 | ta | ||
| 008 | 221006b |||||||| |||| 00| 0 eng d | ||
| 020 |
_c _51.00 |
||
| 024 | _a7,725 | ||
| 037 | _cTextual | ||
| 040 |
_aEASL _cEASL _beng |
||
| 041 |
_2eng _aeng |
||
| 082 | _aF42.7918, M1 | ||
| 100 |
_aSMITH Charles H. _9648889 |
||
| 245 | 0 | _aJapanese technology transfer to Brazil | |
| 260 |
_aMichigan _bUMI Research Press _c1981 |
||
| 300 |
_a168p. _ccm. |
||
| 490 | _aResearch for Business Decisions, No. 42 | ||
| 942 |
_hF42.7918, M1 _cTEXL _2CC |
||
| 999 |
_c1075811 _d1075811 |
||